Vấn đề an ninh năng lượng và các giải pháp khai thác năng lượng mặt trời từ vũ trụ truyền về trái đất

שמור ב:
מידע ביבליוגרפי
פורמט: ספר
שפה:Vietnamese
יצא לאור: Khoa học kỹ thuật 2011
נושאים:
תגים: הוספת תג
אין תגיות, היה/י הראשונ/ה לתייג את הרשומה!
Thư viện lưu trữ: Mạng thư viện Đại học Đà Nẵng
LEADER 01104nam a2200301 a 4500
001 000002910
003 03622
005 20171229145311.0
008 171229s2011 vie
040 |a LSK 
041 0 |a VIE 
082 0 |a 621.47  |b ĐA-A 
245 0 0 |a Vấn đề an ninh năng lượng và các giải pháp khai thác năng lượng mặt trời từ vũ trụ truyền về trái đất  |c Đào Khắc An, Trần Mạnh Tuấn 
260 |b Khoa học kỹ thuật  |c 2011 
300 |a 283 pages  |c 27 cm. 
653 |a An ninh năng lượng - Năng lượng mặt trời 
852 |a Phòng Đọc 
901 |a 1 
927 |a Sách tham khảo 
OWN |a LSK 
AVA |a UDN50  |b LSK  |d 621.47 ĐA-A  |e available  |t Error 5001 Not defined in file expand_doc_bib_avail.  |f 1  |g 0  |h N  |i 0  |k 1 
999 |a From the UDN01 
AVA |a UDN50  |b LSK  |d 621.47 ĐA-A  |e available  |t Error 5001 Not defined in file expand_doc_bib_avail.  |f 1  |g 0  |h N  |i 0  |k 1 
TYP |a Monograph 
TYP |a Printed language 
980 |a Mạng thư viện Đại học Đà Nẵng